000 00530nam a2200169Ia 4500
999 _c19338
_d19338
003 OSt
005 20200707120515.0
008 190216s9999||||xx |||||||||||||| ||und||
040 _coclc
082 _a973
_bMAJ/H
100 _aMajumdar, R K
_93042
245 0 _aHistory Of The United States Of America (1845 To Present Day) /
_cR K Majumdar ; A N Srivastva
260 _bSurjeet Publications,
_c1985.
_aDelhi:
300 _a321p
650 _aAmerican History
942 _cBK
_2ddc
_h973
_iMAJ/H
_k973
_mMAJ/H